<?xml version="1.0" encoding="UTF-8"?>
<record
    xmlns:xsi="http://www.w3.org/2001/XMLSchema-instance"
    xsi:schemaLocation="http://www.loc.gov/MARC21/slim http://www.loc.gov/standards/marcxml/schema/MARC21slim.xsd"
    xmlns="http://www.loc.gov/MARC21/slim">

  <leader>01467    a2200205   4500</leader>
  <controlfield tag="001">29719</controlfield>
  <controlfield tag="005">20260407155607.0</controlfield>
  <controlfield tag="008">260407a1968    arg                 spa d</controlfield>
  <controlfield tag="003">AR-UNSa-BCEJYS</controlfield>
  <datafield tag="040" ind1=" " ind2=" ">
    <subfield code="a">AR-UNSa-BCEJYS</subfield>
    <subfield code="b">spa</subfield>
    <subfield code="c">AR-UNSa-BCEJYS</subfield>
  </datafield>
  <datafield tag="080" ind1=" " ind2=" ">
    <subfield code="a">657.372.2</subfield>
    <subfield code="x">Evaluaci&#xF3;n (revaluo)</subfield>
  </datafield>
  <datafield tag="245" ind1="1" ind2="0">
    <subfield code="a">La revaluaci&#xF3;n de los balances y los problemas econ&#xF3;micos, fiscales y t&#xE9;cnicos</subfield>
  </datafield>
  <datafield tag="250" ind1=" " ind2=" ">
    <subfield code="a">2a. ed</subfield>
  </datafield>
  <datafield tag="264" ind1=" " ind2="1">
    <subfield code="a">Buenos Aires :</subfield>
    <subfield code="b">Depalma</subfield>
    <subfield code="c">1968</subfield>
  </datafield>
  <datafield tag="300" ind1=" " ind2=" ">
    <subfield code="a">293 p.</subfield>
    <subfield code="c">23 cm.</subfield>
  </datafield>
  <datafield tag="505" ind1=" " ind2=" ">
    <subfield code="a">1. El examen de las valuaciones patrimoniales y la contabilidad moderna - 2. Valuacion del patrimonio de una hacienda en pleno funcionamiento - 3. Los balances y la econom&#xED;a monetaria - 4. La revalorizaci&#xF3;n de los balances por depreciaci&#xF3;n de la moneda - 5. Car&#xE1;cter y t&#xE9;cnica de la revaluaci&#xF3;n - 6. El accionista y la revaluaci&#xF3;n de los balances - 7. La revaluaci&#xF3;n y el problema fiscal - 8. La revaluaci&#xF3;n en la legislaci&#xF3;n comparada - 9. La legislaci&#xF3;n argentina.Las leyes 15.272 y 17.335 - 10. An&#xE1;lisis te&#xF3;rico-pr&#xE1;ctico de los rubros activos revaluables seg&#xFA;n la ley 17335 - 11. An&#xE1;lisis te&#xF3;rico-pr&#xE1;ctico de los rubros del pasivo cuyo reval&#xFA;o admite la ley 17.335 - 12. El destino del saldo de reval&#xFA;o y otros aspectos de la ley 17.335 - 13. El problema impositivo seg&#xFA;n ls ley 17.335 - 14. El aspecto t&#xE9;cnico-contable seg&#xFA;n la ley 17.335.</subfield>
  </datafield>
  <datafield tag="942" ind1=" " ind2=" ">
    <subfield code="c">BK</subfield>
  </datafield>
  <datafield tag="590" ind1=" " ind2=" ">
    <subfield code="a">niveau_biblio:m niveau_hierar:0</subfield>
  </datafield>
  <datafield tag="100" ind1="1" ind2=" ">
    <subfield code="a">Ripa Alberdi, Vicente</subfield>
  </datafield>
  <datafield tag="999" ind1=" " ind2=" ">
    <subfield code="c">1945</subfield>
    <subfield code="d">1945</subfield>
  </datafield>
  <datafield tag="952" ind1=" " ind2=" ">
    <subfield code="0">0</subfield>
    <subfield code="1">0</subfield>
    <subfield code="4">0</subfield>
    <subfield code="7">0</subfield>
    <subfield code="a">BCEJYS</subfield>
    <subfield code="b">BCEJYS</subfield>
    <subfield code="c">16</subfield>
    <subfield code="d">2026-04-07</subfield>
    <subfield code="l">0</subfield>
    <subfield code="o">657.372.2 R588 2ed.</subfield>
    <subfield code="p">L33227</subfield>
    <subfield code="r">2026-04-07 15:56:07</subfield>
    <subfield code="w">2026-04-07</subfield>
    <subfield code="y">L</subfield>
  </datafield>
</record>
